| 000 | 01015nam a2200361Ia 4500 | ||
|---|---|---|---|
| 003 | OSt | ||
| 005 | 20220912144058.0 | ||
| 006 | a|||||r|||| 00| 0 | ||
| 007 | ta | ||
| 008 | 220909b |||||||| |||| 00| 0 eng d | ||
| 020 | _a9789385998812 (pbk) | ||
| 024 | _a197879 | ||
| 037 | _b165, 05/06/2017, N R Book Distributors | ||
| 037 | _cTextbook | ||
| 040 | _beng | ||
| 041 | _aeng | ||
| 082 | _aI:3, Q7 | ||
| 100 | _aDevlin Robert M | ||
| 245 | 0 | _aDevlin's exercises in plant physiology | |
| 250 | _a2 | ||
| 260 |
_aNew Delhi _bMedtech _c2017 |
||
| 300 |
_axi, 324p. ill. _ccm |
||
| 500 | _aAppendix I-VI 293-320p.; Index 320-324p. | ||
| 650 | _a Phototropism | ||
| 650 | _a Protein | ||
| 650 | _a Stomates | ||
| 650 | _a Water potential | ||
| 650 | _aBotany | ||
| 700 | _a Blaydes David F | ||
| 700 | _a Witham Francis H | ||
| 942 |
_hI:3, Q7 _cTB _2CC |
||
| 999 |
_c2621 _d2621 |
||